Методическое сопровождение педагогов ДОУ по внедрению технологии ТРИЗ (теории решения изобретательских задач) в образовательный процесс (Запись № 10608035)

Подробности
000 -МАРКЕР
контрольное поле 01831nam0a2200313 i 4500
001 - ИДЕНТИФИКАТОР ЗАПИСИ
контрольное поле RU\NLR\BIBL_A\010304126
005 - ИДЕНТИФИКАТОР ВЕРСИИ
контрольное поле 20260408113718.0
010 ## - МЕЖДУНАРОДНЫЙ СТАНДАРТНЫЙ НОМЕР КНИГИ (ISBN)
Номер (ISBN) 9785905810244
Тираж 80
021 ## - НОМЕР ГОСУДАРСТВЕННОЙ РЕГИСТРАЦИИ
Код страны Российская Федерация
Номер 2014-9511
Номер Листа государственной регистраци 596
035 ## - ДРУГИЕ СИСТЕМНЫЕ НОМЕРА
Идентификатор записи (NILC)RuMoRGB-006743225
035 ## - ДРУГИЕ СИСТЕМНЫЕ НОМЕРА
Идентификатор записи (NLR Aleph) 010304126
100 ## - ДАННЫЕ ОБЩЕЙ ОБРАБОТКИ
Данные общей обработки 20140409d2013 k||y0rusy50 ca
101 0# - ЯЗЫК РЕСУРСА
Язык текста, звукозаписи и т.д. русский
102 ## - СТРАНА ПУБЛИКАЦИИ ИЛИ ПРОИЗВОДСТВА
Страна публикации Российская Федерация
105 ## - ПОЛЕ КОДИРОВАННЫХ ДАННЫХ: ТЕКСТОВЫЕ МАТЕРИАЛЫ, МОНОГРАФИЧЕСКИЕ
Кодированные данные о монографическом текстовом документе a|||z|||000yy
200 1# - ЗАГЛАВИЕ И СВЕДЕНИЯ ОБ ОТВЕТСТВЕННОСТИ
Основное заглавие Методическое сопровождение педагогов ДОУ по внедрению технологии ТРИЗ (теории решения изобретательских задач) в образовательный процесс
Сведения, относящиеся к заглавию сборник по итогам работы опорного учреждения системы образования города Архангельска
Первые сведения об ответственности Муницип. бюджет. дошк. образоват. учреждение муницип. образования "Город Архангельск", "Дет. сад комбиниров. вида № 123 "АБВГДейка"
Последующие сведения об ответственности [сост.: Болтовская Галина Сергеевна и др.]
210 ## - ПУБЛИКАЦИЯ, РАСПРОСТРАНЕНИЕ И ДР.
Место издания, распространения и т.д. Архангельск
Имя издателя, распространителя и т. д. Лоция
Дата издания, распространения и т.д. 2013
215 ## - ФИЗИЧЕСКАЯ ХАРАКТЕРИСТИКА
Специфическое обозначение материала и объем 208 с.
Другие сведения о физической характеристике ил., цв. ил.
Размеры 21
320 ## - ПРИМЕЧАНИЯ О НАЛИЧИИ В ДОКУМЕНТЕ БИБЛИОГРАФИИ / УКАЗАТЕЛЯ
Текст примечания Библиогр.: с. 207-208
606 1# - НАИМЕНОВАНИЕ ТЕМЫ КАК ПРЕДМЕТ
Наименование темы ТРИЗ-педагогика
Тематический подзаголовок Дошкольные учреждения
Системный номер авторитетной/нормативной записи 2591507
Идентификатор авторитетной/нормативной записи RU\NLR\AUTH\661531445
686 1# - ИНДЕКСЫ ДРУГИХ КЛАССИФИКАЦИЙ
Индекс Ч411.38
702 #1 - ИМЯ ЛИЦА - ВТОРИЧНАЯ ОТВЕТСТВЕННОСТЬ
Начальный элемент ввода Болтовская
Часть имени, кроме начального элемента ввода Г. С.
Расширение инициалов личного имени Галина Сергеевна
Код отношения Составитель
712 02 - НАИМЕНОВАНИЕ ОРГАНИЗАЦИИ - ВТОРИЧНАЯ ОТВЕТСТВЕННОСТЬ
Код отношения Прочие
Начальный элемент ввода "АБГДейка", детский сад комбинированного вида
Идентифицирующий признак 123; Архангельс
Системный номер авторитетной/нормативной записи 397190
Идентификатор авторитетной/нормативной записи RU\NLR\AUTH\880365184
801 #0 - ИСТОЧНИК ЗАПИСИ
Страна Российская Федерация
Организация РГБ
Дата составления 20140220
Правила каталогизации RCR
942 ## - ДОПОЛНИТЕЛЬНЫЕ ЭЛЕМЕНТЫ ЗАПИСИ (АБИС)
Тип экземпляра АБИС Книга
980 ## - КОЛЛЕКЦИЯ
Название коллекции НБР

Нет доступных экземпляров.